[Event "2. Bundesliga West 2015/16"]
[Site "-"]
[Date "2015.10.17"]
[Round "2"]
[Board "2"]
[White "Gatterer, Florian"]
[Black "Nuber, Blasius"]
[Result "0-1"]
[WhiteElo "2223"]
[BlackElo "2349"]
[PlyCount "90"]
[EventDate "2015.10.16"]
[EventType "team"]
[EventRounds "11"]
[EventCountry "AUT"]
[WhiteTeam "Rochade Rum"]
[BlackTeam "SPG Voels/HAK/HAS Innsbruck"]

1. c4 c6 2. Nf3 d5 3. e3 Nf6 4. Nc3 a6 5. Qc2 Nbd7 6. cxd5 cxd5 7. d4 b5 8. Bd2
Bb7 9. a4 b4 10. Na2 Rc8 11. Qd1 a5 12. Nc1 e6 13. Nb3 Be7 14. Bb5 O-O 15. O-O
Qb6 16. Qe2 Rc2 17. Qd3 Rxb2 18. Bc1 Rxb3 19. Qxb3 Ba6 20. Bxa6 Qxa6 21. Ne5
Nxe5 22. dxe5 Ne4 23. f3 Nc5 24. Qd1 Nd3 25. Ra2 Rc8 26. Rc2 Rxc2 27. Qxc2 Qc4
28. Qd2 Nxe5 29. Bb2 Nd3 30. Bd4 e5 31. Rd1 exd4 32. Qxd3 dxe3 33. Kf1 Bf6 34.
Ke2 Qa2+ 35. Kxe3 d4+ 36. Kf4 Qxg2 37. Qf5 g5+ 38. Ke4 Qe2+ 39. Kd5 Qxd1 40.
Qxf6 Qd2 41. Qd8+ Kg7 42. Qxa5 d3 43. Ke4 Qe2+ 44. Kf5 h6 45. Qxb4 Qe6# 0-1

[Event "2. Bundesliga West 2015/16"]
[Site "-"]
[Date "2015.10.17"]
[Round "2"]
[Board "3"]
[White "Heinrich, Thomas"]
[Black "Spornberger, Andre"]
[Result "0-1"]
[WhiteElo "2144"]
[BlackElo "2108"]
[PlyCount "140"]
[EventDate "2015.10.16"]
[EventType "team"]
[EventRounds "11"]
[EventCountry "AUT"]
[WhiteTeam "SPG Voels/HAK/HAS Innsbruck"]
[BlackTeam "Rochade Rum"]

1. e4 e6 2. d4 d5 3. exd5 exd5 4. c4 Nf6 5. Nc3 Be7 6. Nf3 O-O 7. Be2 dxc4 8.
Bxc4 Bg4 9. Be3 Nbd7 10. h3 Bh5 11. O-O Nb6 12. Be2 c6 13. Ne5 Bxe2 14. Qxe2
Nbd5 15. Rad1 Qc7 16. Rfe1 Rfe8 17. Qf3 Bd6 18. Nc4 Bb4 19. Bg5 h6 20. Bh4 Qf4
21. Qxf4 Nxf4 22. Bxf6 gxf6 23. Kf1 Re6 24. Ne3 Rae8 25. a3 Bxc3 26. bxc3 Nd5
27. Nf5 Nxc3 28. Nxh6+ Kf8 29. Rxe6 fxe6 30. Rd3 Nb5 31. a4 Nc7 32. Rg3 a5 33.
Rg8+ Ke7 34. Rg7+ Kd6 35. Ng4 Rf8 36. h4 b5 37. Ne3 Rh8 38. g3 Nd5 39. Ra7
Nxe3+ 40. fxe3 b4 41. Ke2 Rb8 42. Kd2 b3 43. Kc1 Rg8 44. Rxa5 Rxg3 45. e4 e5
46. d5 Rg4 47. Ra6 Rxe4 48. dxc6 Rxh4 49. Kb2 f5 50. Kxb3 f4 51. c7+ Kxc7 52.
Re6 Rh5 53. Kc3 Rf5 54. Kd2 f3 55. Ke1 Kd7 56. Rb6 e4 57. Rb3 Rc5 58. Ra3 Rc1+
59. Kf2 Rc2+ 60. Kg1 Kd6 61. a5 Ke5 62. a6 Kf4 63. a7 e3 64. Ra1 Rg2+ 65. Kh1
Rg8 66. a8=Q Rxa8 67. Rxa8 e2 68. Re8 f2 69. Rf8+ Ke3 70. Re8+ Kd2 0-1

[Event "2. Bundesliga West 2015/16"]
[Site "-"]
[Date "2015.10.17"]
[Round "2"]
[Board "4"]
[White "Hengl, Christian"]
[Black "Georgiev, Georgi"]
[Result "1/2-1/2"]
[WhiteElo "2245"]
[BlackElo "2107"]
[PlyCount "62"]
[EventDate "2015.10.16"]
[EventType "team"]
[EventRounds "11"]
[EventCountry "AUT"]
[WhiteTeam "Rochade Rum"]
[BlackTeam "SPG Voels/HAK/HAS Innsbruck"]

1. e4 e5 2. Nf3 Nc6 3. Bc4 Nf6 4. d3 Be7 5. c3 O-O 6. Qe2 d5 7. Bb5 Qd6 8. Nbd2
Nh5 9. g3 g6 10. O-O Bh3 11. Re1 Bf6 12. d4 Bg7 13. exd5 Qxd5 14. c4 Qd8 15.
Bxc6 bxc6 16. dxe5 Qd7 17. Ng5 Rae8 18. Ndf3 Bg4 19. Bf4 Nxf4 20. gxf4 h6 21.
Ne4 Qf5 22. Qe3 g5 23. Nd4 Qxf4 24. Qxf4 gxf4 25. Nf6+ Bxf6 26. exf6 c5 27. Nb3
Be6 28. Re4 Rb8 29. Rd1 f3 30. Rf4 Kh7 31. Rxf3 Bg4 1/2-1/2

[Event "2. Bundesliga West 2015/16"]
[Site "-"]
[Date "2015.10.17"]
[Round "2"]
[Board "5"]
[White "Thoeny, Hermann"]
[Black "Hoellrigl, Wilfried"]
[Result "0-1"]
[WhiteElo "2072"]
[BlackElo "2153"]
[PlyCount "120"]
[EventDate "2015.10.16"]
[EventType "team"]
[EventRounds "11"]
[EventCountry "AUT"]
[WhiteTeam "SPG Voels/HAK/HAS Innsbruck"]
[BlackTeam "Rochade Rum"]

1. d4 Nf6 2. Nf3 g6 3. c4 Bg7 4. Nc3 O-O 5. e4 d6 6. Be2 e5 7. O-O Nc6 8. d5
Ne7 9. Rb1 Ne8 10. b4 h6 11. Qc2 f5 12. Nd2 f4 13. c5 g5 14. f3 h5 15. Nc4 Ng6
16. g4 hxg4 17. fxg4 Rf7 18. h3 Bf8 19. cxd6 cxd6 20. Rf2 Rh7 21. Rh2 Qf6 22.
Qd3 Nh4 23. Nd2 Be7 24. a4 Qh6 25. Nd1 Nf6 26. Nf2 Bd7 27. a5 Rc8 28. b5 Qf8
29. Ba3 Be8 30. Nc4 Nd7 31. Qb3 f3 32. Bf1 Rh6 33. Qe3 Nc5 34. Bc1 Rh7 35. Ba3
Rf7 36. Nxd6 Bxd6 37. Qxg5+ Rg7 38. Qxh4 Qf4 39. Bc1 Qf7 40. g5 Bd7 41. Ng4
Bxg4 42. Qxg4 Rf8 43. Be3 Qg6 44. Rb4 Ne6 45. Rc4 Nxg5 46. Qxg5 Qh6 47. h4 Be7
48. Qxg7+ Qxg7+ 49. Kf2 Qg4 50. Bh3 Bxh4+ 51. Kf1 Qg3 52. Be6+ Kg7 53. Rc7+ Kf6
54. Rf2 Kg6 55. Rxb7 Bg5 56. Bc5 Qf4 57. Rc2 Qxe4 58. Bxf8 Qxc2 59. Rg7+ Kh5
60. Bf7+ Kh4 0-1

[Event "2. Bundesliga West 2015/16"]
[Site "-"]
[Date "2015.10.17"]
[Round "2"]
[Board "6"]
[White "Jedinger, Andreas"]
[Black "Irschick, Christoph"]
[Result "1-0"]
[WhiteElo "2105"]
[BlackElo "2003"]
[PlyCount "62"]
[EventDate "2015.10.16"]
[EventType "team"]
[EventRounds "11"]
[EventCountry "AUT"]
[WhiteTeam "Rochade Rum"]
[BlackTeam "SPG Voels/HAK/HAS Innsbruck"]

1. e4 e6 2. d4 d5 3. Nc3 Bb4 4. e5 c5 5. a3 Bxc3+ 6. bxc3 Qc7 7. Qg4 f5 8. Qg3
cxd4 9. cxd4 Ne7 10. Ne2 O-O 11. c3 b6 12. h4 Ba6 13. Nf4 Qd7 14. Bxa6 Nxa6 15.
a4 Rf7 16. Rh3 Rc8 17. Nh5 Kh8 18. Bg5 Ng6 19. Nxg7 Rxg7 20. Bf6 Kg8 21. h5 Nf8
22. Qd3 Nb8 23. Kd2 Rg4 24. Rg3 Qf7 25. Rh1 Nfd7 26. Bg5 Rxg3 27. Qxg3 Kf8 28.
Rh3 Ke8 29. Qh4 Nf8 30. Rg3 Qd7 31. Bh6 Qxa4 1-0

[Event "2. Bundesliga West 2015/16"]
[Site "-"]
[Date "2015.10.17"]
[Round "2"]
[Board "1"]
[White "Graf, Felix"]
[Black "Drabke, Lorenz"]
[Result "1/2-1/2"]
[WhiteElo "2478"]
[BlackElo "2462"]
[PlyCount "65"]
[EventDate "2015.10.16"]
[EventType "team"]
[EventRounds "11"]
[EventCountry "AUT"]
[WhiteTeam "Bregenz"]
[BlackTeam "Dornbirn"]

1. d4 d5 2. Bf4 Nf6 3. Nc3 c6 4. Nf3 Bf5 5. e3 e6 6. Ne5 Bd6 7. g4 Bxe5 8. dxe5
Nxg4 9. Be2 Nh6 10. Qd2 Nd7 11. O-O-O Ng4 12. e4 dxe4 13. Bxg4 Bxg4 14. Nxe4
Bxd1 15. Rxd1 Qc7 16. Rg1 O-O-O 17. Nd6+ Kb8 18. Nxf7 Nb6 19. Nxd8 Rxd8 20. Qe2
Nd5 21. Bd2 Qf7 22. a3 h6 23. h4 Ne7 24. Bb4 Nf5 25. Bd6+ Nxd6 26. exd6 Qf4+
27. Kb1 Qxd6 28. Rxg7 Qd1+ 29. Qxd1 Rxd1+ 30. Ka2 Rd4 31. h5 Rd5 32. Rg6 Rxh5
33. Rxe6 1/2-1/2

[Event "2. Bundesliga West 2015/16"]
[Site "-"]
[Date "2015.10.17"]
[Round "2"]
[Board "2"]
[White "Schmidlechner, Alexander"]
[Black "Jorczik, Julian"]
[Result "1/2-1/2"]
[WhiteElo "2217"]
[BlackElo "2385"]
[PlyCount "43"]
[EventDate "2015.10.16"]
[EventType "team"]
[EventRounds "11"]
[EventCountry "AUT"]
[WhiteTeam "Dornbirn"]
[BlackTeam "Bregenz"]

1. d4 Nf6 2. c4 g6 3. Nc3 Bg7 4. e4 d6 5. Nf3 O-O 6. Be2 e5 7. d5 a5 8. Bg5 Na6
9. Nd2 Qe8 10. Qc2 Nd7 11. Be3 f5 12. f3 Qe7 13. a3 Bh6 14. Bf2 Qg5 15. h4 Qxg2
16. Rg1 Qh3 17. Rg3 Qh1+ 18. Rg1 Qh3 19. Rg3 Qh1+ 20. Rg1 Qh3 21. Rg3 Qh1+ 22.
Rg1 1/2-1/2

[Event "2. Bundesliga West 2015/16"]
[Site "-"]
[Date "2015.10.17"]
[Round "2"]
[Board "3"]
[White "Weindl, Alfred"]
[Black "Klocker, Benedikt"]
[Result "0-1"]
[WhiteElo "2331"]
[BlackElo "2192"]
[PlyCount "116"]
[EventDate "2015.10.16"]
[EventType "team"]
[EventRounds "11"]
[EventCountry "AUT"]
[WhiteTeam "Bregenz"]
[BlackTeam "Dornbirn"]

1. Nf3 Nf6 2. g3 g6 3. b3 Bg7 4. Bb2 O-O 5. Bg2 d5 6. c4 c6 7. O-O Nbd7 8. Qc2
Re8 9. Nc3 Nc5 10. cxd5 Bf5 11. d3 cxd5 12. Nd4 Rc8 13. Nxf5 gxf5 14. Qd2 e6
15. b4 Ncd7 16. e3 Ne5 17. Nb5 Ne4 18. Bxe4 dxe4 19. Bxe5 Bxe5 20. d4 a6 21.
Nc3 Rc4 22. Rfc1 Bd6 23. a3 Qd7 24. Ne2 Rec8 25. Rxc4 Rxc4 26. Rc1 Qc7 27. Rc3
a5 28. bxa5 Qxa5 29. Qc2 Rxc3 30. Nxc3 Bxa3 31. Qb3 Qb4 32. Qxb4 Bxb4 33. Na2
Ba5 34. Kf1 Kf8 35. Ke2 Ke7 36. Nc1 Kd6 37. f3 Kd5 38. fxe4+ fxe4 39. Kd1 Kc4
40. Kc2 f5 41. Ne2 Bc7 42. Nc3 b5 43. Nb1 Ba5 44. Na3+ Kb4 45. Kb2 Ka4 46. Nb1
Be1 47. Kc2 h5 48. Kd1 Bb4 49. Kc2 Ba5 50. Kb2 Be1 51. Kc2 Kb4 52. Kd1 Bf2 53.
Ke2 Bg1 54. h3 Kb3 55. Nd2+ Kc2 56. g4 fxg4 57. hxg4 hxg4 58. Nxe4 b4 0-1

[Event "2. Bundesliga West 2015/16"]
[Site "-"]
[Date "2015.10.17"]
[Round "2"]
[Board "4"]
[White "Novkovic, Julia"]
[Black "Dobosz, Henryk"]
[Result "1/2-1/2"]
[WhiteElo "2156"]
[BlackElo "2389"]
[PlyCount "70"]
[EventDate "2015.10.16"]
[EventType "team"]
[EventRounds "11"]
[EventCountry "AUT"]
[WhiteTeam "Dornbirn"]
[BlackTeam "Bregenz"]

1. e4 d6 2. Nc3 g6 3. d4 Bg7 4. Be3 c6 5. Qd2 Nd7 6. a4 e5 7. Rd1 Qa5 8. d5 c5
9. Nb5 Qxd2+ 10. Bxd2 Ke7 11. Nc7 Rb8 12. Nb5 Ndf6 13. Nxa7 Nxe4 14. Ba5 Bd7
15. f3 Nef6 16. Nb5 Ra8 17. b4 b6 18. Bxb6 cxb4 19. a5 Ne8 20. c4 bxc3 21. Nxc3
Ngf6 22. Nh3 Bc8 23. Bb5 Nd7 24. Bc6 Rb8 25. Rb1 Ba6 26. Kd2 Nef6 27. Be3 Rhc8
28. Ba7 Bh6+ 29. Kc2 Rxb1 30. Rxb1 Rc7 31. Bb6 Rc8 32. Nf2 Nb8 33. Ba8 Nbd7 34.
Bc6 Nb8 35. Ba8 Nbd7 1/2-1/2

[Event "2. Bundesliga West 2015/16"]
[Site "-"]
[Date "2015.10.17"]
[Round "2"]
[Board "5"]
[White "Bezler, Rainer"]
[Black "Ruescher, Christian"]
[Result "1-0"]
[WhiteElo "2215"]
[BlackElo "2093"]
[PlyCount "81"]
[EventDate "2015.10.16"]
[EventType "team"]
[EventRounds "11"]
[EventCountry "AUT"]
[WhiteTeam "Bregenz"]
[BlackTeam "Dornbirn"]

1. d4 d5 2. c4 c6 3. Nc3 Nf6 4. Nf3 dxc4 5. a4 Bf5 6. e3 e6 7. Bxc4 Bb4 8. Nh4
Bg4 9. Qb3 Qe7 10. h3 Bh5 11. Bd2 Nbd7 12. Nb1 Bd6 13. Nc3 Bb4 14. O-O g5 15.
Nf3 g4 16. hxg4 Bxg4 17. Nh2 Rg8 18. Rfc1 Bd6 19. f4 Nb6 20. Bf1 Nbd5 21. Re1
Nxc3 22. bxc3 Ne4 23. Qc2 f5 24. Reb1 Bh5 25. Be1 Qg7 26. Ra2 Rb8 27. a5 Ng3
28. Bxg3 Qxg3 29. Qd2 Rg6 30. Rab2 Rg7 31. Ba6 c5 32. Nf1 Qg6 33. Rxb7 Rbxb7
34. Rxb7 Bc7 35. Nh2 Bxa5 36. Rxg7 Qxg7 37. Qa2 Bxc3 38. Qxe6+ Qe7 39. Qg8+ Kd7
40. Qc8+ Kd6 41. Qxc5+ 1-0

[Event "2. Bundesliga West 2015/16"]
[Site "-"]
[Date "2015.10.17"]
[Round "2"]
[Board "6"]
[White "Proyer, Enno"]
[Black "Poettinger, Harald"]
[Result "0-1"]
[WhiteElo "1906"]
[BlackElo "2212"]
[PlyCount "98"]
[EventDate "2015.10.16"]
[EventType "team"]
[EventRounds "11"]
[EventCountry "AUT"]
[WhiteTeam "Dornbirn"]
[BlackTeam "Bregenz"]

1. d4 d6 2. c4 e5 3. Nc3 exd4 4. Qxd4 Nc6 5. Qd2 Nf6 6. e4 g6 7. Nge2 Bg7 8.
Nf4 O-O 9. Bd3 Re8 10. O-O Ne5 11. Re1 c6 12. Qc2 Nfd7 13. Bf1 a5 14. h3 Nc5
15. Be3 Ned7 16. Rad1 Qf6 17. Re2 a4 18. a3 Bf8 19. Red2 Nb3 20. Re2 Ndc5 21.
Bxc5 Nxc5 22. Nd3 Nb3 23. Ree1 Nd4 24. Qc1 Bg7 25. e5 dxe5 26. Nc5 Nb3 27. Nxb3
axb3 28. Ne4 Qe7 29. Nd6 Rd8 30. Nxc8 Raxc8 31. Qc3 Rc7 32. Qxb3 Rcd7 33. Rxd7
Rxd7 34. Rd1 e4 35. Re1 Bd4 36. Qc2 f5 37. b4 c5 38. b5 Qh4 39. Re2 Qf4 40. Qb3
h5 41. a4 h4 42. a5 Be5 43. g3 Qc1 44. Rc2 Qe1 45. Re2 Qxa5 46. gxh4 Qd8 47.
Qe3 Qxh4 48. Qxc5 Qg5+ 49. Kh1 Rd1 0-1

[Event "2. Bundesliga West 2015/16"]
[Site "-"]
[Date "2015.10.17"]
[Round "2"]
[Board "1"]
[White "Froewis, Georg"]
[Black "Kessler, Luca"]
[Result "1-0"]
[WhiteElo "2434"]
[BlackElo "2324"]
[PlyCount "53"]
[EventDate "2015.10.16"]
[EventType "team"]
[EventRounds "11"]
[EventCountry "AUT"]
[WhiteTeam "Hohenems II"]
[BlackTeam "Goetzis 2"]

1. Nf3 Nf6 2. c4 g6 3. Nc3 Bg7 4. e4 d6 5. d4 O-O 6. Be2 e5 7. O-O exd4 8. Nxd4
Re8 9. f3 c6 10. Bf4 Nh5 11. Be3 Na6 12. Qd2 Nf6 13. Rad1 Bd7 14. Nb3 Re6 15.
c5 d5 16. exd5 cxd5 17. Nd4 Rxe3 18. Qxe3 Nxc5 19. Nc2 Qf8 20. Nxd5 Re8 21. Qf2
Nxd5 22. Rxd5 b6 23. b3 Bh6 24. Re1 Qg7 25. Bc4 Rxe1+ 26. Qxe1 Qb2 27. Rxd7 1-0

[Event "2. Bundesliga West 2015/16"]
[Site "-"]
[Date "2015.10.17"]
[Round "2"]
[Board "2"]
[White "Bilchinski, Anton"]
[Black "Baldauf, Marco"]
[Result "1/2-1/2"]
[WhiteElo "2260"]
[BlackElo "2420"]
[PlyCount "60"]
[EventDate "2015.10.16"]
[EventType "team"]
[EventRounds "11"]
[EventCountry "AUT"]
[WhiteTeam "Goetzis 2"]
[BlackTeam "Hohenems II"]

1. d4 Nf6 2. c4 g6 3. Nc3 d5 4. Bf4 Bg7 5. e3 O-O 6. Rc1 c5 7. dxc5 Qa5 8. cxd5
Rd8 9. Bc4 Be6 10. e4 Nxe4 11. Nge2 Nxc3 12. Nxc3 Bf5 13. O-O Qxc5 14. Bb3 Na6
15. Be3 Qa5 16. Bg5 Bf6 17. Bxf6 exf6 18. Qd4 Qb6 19. Qxb6 axb6 20. a3 Nc5 21.
Bc2 Bxc2 22. Rxc2 Rac8 23. Rd2 f5 24. f3 Nb3 25. Rd3 Kf8 26. Nb5 Nc5 27. Rd4
Nb3 28. Rd3 Nc5 29. Rd4 Nb3 30. Rd3 Nc5 1/2-1/2

[Event "2. Bundesliga West 2015/16"]
[Site "-"]
[Date "2015.10.17"]
[Round "2"]
[Board "3"]
[White "Amann, Guenter"]
[Black "Mittelberger, Peter"]
[Result "1/2-1/2"]
[WhiteElo "2347"]
[BlackElo "2203"]
[PlyCount "59"]
[EventDate "2015.10.16"]
[EventType "team"]
[EventRounds "11"]
[EventCountry "AUT"]
[WhiteTeam "Hohenems II"]
[BlackTeam "Goetzis 2"]

1. e4 g6 2. d4 Bg7 3. Nc3 d6 4. f4 a6 5. Nf3 b5 6. Bd3 Bb7 7. a4 b4 8. Ne2 a5
9. O-O d5 10. e5 e6 11. c3 bxc3 12. bxc3 Ne7 13. Ba3 Qd7 14. Bb5 Bc6 15. Rb1 h5
16. Qd3 Nf5 17. Ng5 Bf8 18. Bxf8 Kxf8 19. Nc1 Kg7 20. Nb3 Bxb5 21. axb5 Qe7 22.
Ra1 a4 23. Ra2 Nd7 24. Rfa1 Nb6 25. Nc5 Ra5 26. Nxa4 Rha8 27. Qc2 Rxb5 28. Nc5
Rxa2 29. Rxa2 Nd7 30. Nxd7 1/2-1/2

[Event "2. Bundesliga West 2015/16"]
[Site "-"]
[Date "2015.10.17"]
[Round "2"]
[Board "4"]
[White "Gauss, Gustav"]
[Black "Burschowsky, Matthias"]
[Result "0-1"]
[WhiteElo "2182"]
[BlackElo "2208"]
[PlyCount "72"]
[EventDate "2015.10.16"]
[EventType "team"]
[EventRounds "11"]
[EventCountry "AUT"]
[WhiteTeam "Goetzis 2"]
[BlackTeam "Hohenems II"]

1. d4 Nf6 2. Nf3 g6 3. Nc3 c5 4. d5 d6 5. e4 Bg4 6. Be2 Bg7 7. O-O O-O 8. Nd2
Bxe2 9. Qxe2 Na6 10. Nc4 Nc7 11. a4 b6 12. Bg5 Re8 13. Rad1 Qb8 14. f4 b5 15.
axb5 Nxb5 16. Nxb5 Qxb5 17. Bxf6 Bxf6 18. b3 Bd4+ 19. Kh1 a5 20. f5 Rab8 21.
Qd3 a4 22. bxa4 Qxa4 23. Nd2 Rb2 24. c3 Bf6 25. Rc1 Bg5 26. fxg6 hxg6 27. Qf3
Bf6 28. e5 Rxd2 29. exf6 Qh4 30. Rce1 Qg5 31. c4 Kf8 32. Qh3 Kg8 33. Qf3 Rd4
34. Qe2 Qh4 35. fxe7 Rxc4 36. Rf3 Rc2 0-1

[Event "2. Bundesliga West 2015/16"]
[Site "-"]
[Date "2015.10.17"]
[Round "2"]
[Board "5"]
[White "Atlas, Dmitry"]
[Black "Gretz, Denis"]
[Result "1/2-1/2"]
[WhiteElo "2220"]
[BlackElo "2073"]
[PlyCount "89"]
[EventDate "2015.10.16"]
[EventType "team"]
[EventRounds "11"]
[EventCountry "AUT"]
[WhiteTeam "Hohenems II"]
[BlackTeam "Goetzis 2"]

1. e4 c5 2. c3 Nf6 3. e5 Nd5 4. Nf3 Nc6 5. Bc4 Nb6 6. Bb3 d5 7. exd6 Qxd6 8.
O-O Be6 9. Bxe6 Qxe6 10. d4 Rd8 11. Na3 Qd7 12. Be3 cxd4 13. cxd4 e6 14. Qb3
Be7 15. Rad1 O-O 16. Ne5 Qd5 17. Nxc6 Qxc6 18. Nb5 a6 19. Nc3 Nd5 20. Rc1 Nxe3
21. fxe3 e5 22. dxe5 Bg5 23. Rce1 Rd3 24. Rf3 b5 25. Qb4 Re8 26. h4 Bh6 27. Qg4
Rxe5 28. e4 Rd2 29. Ref1 Qd7 30. Rxf7 Qxf7 31. Rxf7 Kxf7 32. Nd5 Re8 33. Qd7+
Kf8 34. Qd6+ Kg8 35. Qxa6 Rxb2 36. a3 Kh8 37. Qc6 Rf8 38. e5 g6 39. Qc5 Re2 40.
Qe7 Rff2 41. Qe8+ Rf8 42. Qe7 Rff2 43. Qd8+ Rf8 44. Qc7 Rff2 45. Qd8+ 1/2-1/2

[Event "2. Bundesliga West 2015/16"]
[Site "-"]
[Date "2015.10.17"]
[Round "2"]
[Board "6"]
[White "Natter, Markus"]
[Black "Uhlmann, David"]
[Result "0-1"]
[WhiteElo "2005"]
[BlackElo "2082"]
[PlyCount "38"]
[EventDate "2015.10.16"]
[EventType "team"]
[EventRounds "11"]
[EventCountry "AUT"]
[WhiteTeam "Goetzis 2"]
[BlackTeam "Hohenems II"]

1. d4 Nf6 2. Bg5 e6 3. e4 c5 4. e5 h6 5. Bc1 Nd5 6. c4 Nb6 7. dxc5 Bxc5 8. Qg4
Kf8 9. Nf3 Nc6 10. Be2 d6 11. exd6 e5 12. Qh5 Bb4+ 13. Nc3 e4 14. Ne5 Qf6 15.
d7 Nxd7 16. Nxd7+ Bxd7 17. O-O Bxc3 18. bxc3 Re8 19. Rb1 Re5 0-1

[Event "2. Bundesliga West 2015/16"]
[Site "-"]
[Date "2015.10.17"]
[Round "2"]
[Board "1"]
[White "Krivoborodov, Egor"]
[Black "Krstic, Uros"]
[Result "1-0"]
[WhiteElo "2522"]
[BlackElo "2428"]
[PlyCount "71"]
[EventDate "2015.10.16"]
[EventType "team"]
[EventRounds "11"]
[EventCountry "AUT"]
[WhiteTeam "ASK Salzburg"]
[BlackTeam "Schwarzach"]

1. Nf3 Nf6 2. g3 g6 3. Bg2 Bg7 4. O-O O-O 5. c4 Re8 6. d4 d6 7. Nc3 a6 8. h3
Nc6 9. e4 e5 10. Be3 exd4 11. Nxd4 Nxd4 12. Bxd4 c5 13. Be3 Be6 14. Qd3 Qa5 15.
Bd2 Qc7 16. Kh2 Rad8 17. Rad1 Nd7 18. f4 Nb6 19. b3 Bd7 20. f5 Be5 21. fxg6
hxg6 22. Bg5 Rc8 23. Rf3 Be6 24. Rdf1 Kg7 25. h4 Qd7 26. a4 a5 27. Nb5 Rc6 28.
Qd2 Rh8 29. Qxa5 Nc8 30. Bf6+ Bxf6 31. Rxf6 Rh5 32. Qd2 Re5 33. Qf4 Kg8 34. Bh3
Bxh3 35. Rxf7 Qe6 36. Rf8+ 1-0

[Event "2. Bundesliga West 2015/16"]
[Site "-"]
[Date "2015.10.17"]
[Round "2"]
[Board "2"]
[White "Roeberg, Frank"]
[Black "Westermeier, Arnulf"]
[Result "1/2-1/2"]
[WhiteElo "2249"]
[BlackElo "2266"]
[PlyCount "60"]
[EventDate "2015.10.16"]
[EventType "team"]
[EventRounds "11"]
[EventCountry "AUT"]
[WhiteTeam "Schwarzach"]
[BlackTeam "ASK Salzburg"]

1. e4 c5 2. Nf3 a6 3. Nc3 b5 4. d4 cxd4 5. Nxd4 Bb7 6. Bd3 e6 7. O-O Nc6 8. Be3
Nf6 9. Qe2 b4 10. Na4 Be7 11. c4 Ne5 12. f3 d6 13. Rfd1 O-O 14. Nb3 Qc7 15. Nb6
Rab8 16. Rac1 Nfd7 17. Nxd7 Nxd7 18. Nd4 Nc5 19. Bb1 Rfd8 20. Qf2 Ba8 21. b3
Bf6 22. Qg3 Qe7 23. Qf2 g6 24. Rd2 Rbc8 25. Ne2 Qc7 26. Rcd1 h5 27. Bf4 e5 28.
Be3 Be7 29. Nc1 Qb8 30. Bd3 a5 1/2-1/2

[Event "2. Bundesliga West 2015/16"]
[Site "-"]
[Date "2015.10.17"]
[Round "2"]
[Board "3"]
[White "Harringer, Franz"]
[Black "Ruecker, Benjamin"]
[Result "0-1"]
[WhiteElo "2239"]
[BlackElo "2269"]
[PlyCount "34"]
[EventDate "2015.10.16"]
[EventType "team"]
[EventRounds "11"]
[EventCountry "AUT"]
[WhiteTeam "ASK Salzburg"]
[BlackTeam "Schwarzach"]

1. e4 c5 2. Nf3 e6 3. d4 cxd4 4. Nxd4 Nc6 5. Nc3 Qc7 6. Be3 a6 7. f4 Bb4 8. Qf3
Bxc3+ 9. bxc3 Ne5 10. Qg3 Qxc3+ 11. Kf2 Nf6 12. Bd3 Neg4+ 13. Ke2 Nxe3 14. Qxg7
Rg8 15. Qxf6 Nxc2 16. Bxc2 Rxg2+ 17. Kf1 Qh3 0-1

[Event "2. Bundesliga West 2015/16"]
[Site "-"]
[Date "2015.10.17"]
[Round "2"]
[Board "4"]
[White "Ljubic, Juro"]
[Black "Besner, Bernhard"]
[Result "1-0"]
[WhiteElo "2213"]
[BlackElo "2211"]
[PlyCount "53"]
[EventDate "2015.10.16"]
[EventType "team"]
[EventRounds "11"]
[EventCountry "AUT"]
[WhiteTeam "Schwarzach"]
[BlackTeam "ASK Salzburg"]

1. e4 d5 2. exd5 Qxd5 3. Nc3 Qa5 4. d4 Nf6 5. Nf3 c6 6. Be2 Bf5 7. Ne5 e6 8. g4
Be4 (8... Bg6 9. h4 Nbd7) 9. f3 Bd5 10. Bd2 Nbd7 11. Ne4 Qd8 12. Nxf6+ Qxf6 13.
g5 Qf5 14. Nxd7 Kxd7 15. c4 Qh3 16. Qb3 Qh4+ 17. Kd1 Bd6 18. cxd5 exd5 19.
Qxb7+ Ke6 20. Re1 Rhb8 21. Qxc6 Rc8 22. Qa6 Qxd4 23. Bd3+ Kd7 24. Bf5+ Kc7 25.
Rc1+ Bc5 26. Rxc5+ Qxc5 27. Ba5+ 1-0

[Event "2. Bundesliga West 2015/16"]
[Site "-"]
[Date "2015.10.17"]
[Round "2"]
[Board "5"]
[White "Juergens, Klaus"]
[Black "Stoeckl, Norbert"]
[Result "1/2-1/2"]
[WhiteElo "2161"]
[BlackElo "2094"]
[PlyCount "117"]
[EventDate "2015.10.16"]
[EventType "team"]
[EventRounds "11"]
[EventCountry "AUT"]
[WhiteTeam "ASK Salzburg"]
[BlackTeam "Schwarzach"]

1. Nf3 Nf6 2. c4 g6 3. Nc3 d5 4. Qa4+ c6 5. cxd5 Nxd5 6. Nxd5 Qxd5 7. e4 Qd6 8.
d4 Bg7 9. Be3 a5 10. Be2 b5 11. Qc2 h6 12. O-O O-O 13. a4 Bd7 14. Qd2 g5 15.
axb5 cxb5 16. Rxa5 Rxa5 17. Qxa5 Nc6 18. Qd2 g4 19. e5 Qb4 20. Qxb4 Nxb4 21.
Nd2 Rc8 22. Ne4 Rc2 23. Bd1 Rxb2 24. Nc5 Bf5 25. Bc1 Rb1 26. Bd2 e6 27. Bxg4
Rxf1+ 28. Kxf1 Nc6 29. Bxf5 exf5 30. Nb3 Ne7 31. Ke2 Nd5 32. Kd3 Kf8 33. Na5
Ke7 34. Nc6+ Ke6 35. Na7 b4 36. Kc4 Bf8 37. Nc6 Nb6+ 38. Kd3 Nd5 39. Na5 f6 40.
f4 h5 41. Kc4 h4 42. Nb3 fxe5 43. dxe5 Nb6+ 44. Kb5 Nd5 45. Nd4+ Kf7 46. Kc6
Ne7+ 47. Kc5 h3 48. gxh3 Ng6+ 49. Kc4 Bh6 50. Ne2 Ke6 51. Bc1 b3 52. Kxb3 Kd5
53. Kc3 Ke4 54. Ng3+ Kf3 55. Nh5 Nxe5 56. Kd4 Ng6 57. Ng3 Bxf4 58. Bxf4 Kxf4
59. Nxf5 1/2-1/2

[Event "2. Bundesliga West 2015/16"]
[Site "-"]
[Date "2015.10.17"]
[Round "2"]
[Board "6"]
[White "Cardaklija, Mirsad"]
[Black "Herrmann, Michael"]
[Result "1/2-1/2"]
[WhiteElo "2060"]
[BlackElo "2103"]
[PlyCount "67"]
[EventDate "2015.10.16"]
[EventType "team"]
[EventRounds "11"]
[EventCountry "AUT"]
[WhiteTeam "Schwarzach"]
[BlackTeam "ASK Salzburg"]

1. e4 c6 2. d4 d5 3. exd5 cxd5 4. Bd3 Nc6 5. c3 Nf6 6. h3 e5 7. dxe5 Nxe5 8.
Bc2 Be7 9. Nf3 Nxf3+ 10. Qxf3 O-O 11. O-O Bd7 12. Be3 Bc6 13. Bd4 Ne4 14. Rd1
Qc7 15. Nd2 f5 16. Rac1 Bg5 17. Be3 d4 18. Bxg5 Nxg5 19. Qh5 dxc3 20. Bb3+ Kh8
21. Rxc3 Ne4 22. Rcc1 Qf4 23. Qf3 Qg5 24. Nxe4 Bxe4 25. Qg3 Qxg3 26. fxg3 Bc6
27. Bd5 Bxd5 28. Rxd5 Rf7 29. Rf1 Raf8 30. g4 g6 31. gxf5 gxf5 32. Kh2 Kg7 33.
Kg3 Kg6 34. Rfd1 1/2-1/2

[Event "2. Bundesliga West 2015/16"]
[Site "-"]
[Date "2015.10.17"]
[Round "2"]
[Board "1"]
[White "Bertagnolli, Alexander"]
[Black "Schramm, Christian"]
[Result "1-0"]
[WhiteElo "2343"]
[BlackElo "2397"]
[PlyCount "79"]
[EventDate "2015.10.16"]
[EventType "team"]
[EventRounds "11"]
[EventCountry "AUT"]
[WhiteTeam "Kufstein/Woergl"]
[BlackTeam "SIR Bernhard 2"]

1. Nf3 d5 2. g3 c5 3. Bg2 Nc6 4. d4 Nf6 5. O-O Bg4 6. c4 e6 7. cxd5 Bxf3 8.
Bxf3 Nxd4 9. dxe6 Nxf3+ 10. exf3 fxe6 11. Qe2 Kf7 12. Na3 Be7 13. Bg5 Re8 14.
Rfe1 Bf8 15. Nc4 Kg8 16. Rad1 Qc7 17. f4 Rad8 18. Rxd8 Qxd8 19. Rd1 Qc7 20.
Bxf6 gxf6 21. f5 Qf7 22. Re1 e5 23. Rd1 b5 24. Ne3 c4 25. Rd5 a6 26. Qd1 Kh8
27. a4 Qb7 28. Rd7 Qc6 29. axb5 axb5 30. Qd5 Qxd5 31. Nxd5 Rb8 32. Nxf6 Bg7 33.
Ne4 b4 34. f6 Bh6 35. Nd6 c3 36. Nf7+ Kg8 37. Nxh6+ Kh8 38. Rg7 Rf8 39. Rg8+
Rxg8 40. Nf7# 1-0